Every Young Thug Project - Statistics

General Stats
  • This quiz has been taken 30 times
    25 since last reset
  • The average score is 16 of 30
Answer Stats
Hint Answer % Correct
2015 (Mixtape) Barter 6
100%
2021 (Album) Punk
90%
2015 (Mixtape) Slime Season
86%
2015 (Mixtape) Slime Season 2
86%
2016 (Mixtape) Slime Season 3
86%
2019 (Album) So Much Fun
86%
2016 (Mixtape) Jeffery
81%
2016 (Mixtape) I'm Up
76%
2023 (Album) Business Is Business
71%
2011 (Mixtape) I Came From Nothing
71%
2018 (Album) Slime Language
71%
2021 (Album) Slime Language 2
71%
2017 (Mixtape) Beautiful Thugger Girls
67%
2011 (Mixtape) I Came From Nothing 2
67%
2013 (Mixtape) 1017 Thug
57%
2017 (Mixtape) Super Slimey
57%
2012 (Mixtape) I Came From Nothing 3
52%
2020 (Mixtape) Slime & B
52%
2017 (Mixtape) Slime Season 4
52%
2014 (Mixtape) 1017 Thug 2
48%
2014 (Mixtape) 1017 Thug 3: The Finale
38%
2018 (EP) On The Rvn
33%
2014 (Mixtape) Young Thugga Mane La Flare
33%
2014 (Mixtape) Brick Squad
29%
2018 (EP) Hear No Evil
24%
2014 (Mixtape) Black Portland
19%
2017 (EP) Young Martha
14%
2014 (Mixtape) Rich Gang Tha Tour Pt. 1
10%
2014 (Mixtape) We Are The South
5%
2014 (Mixtape) World War 3D: The Purple Album
5%
No matching quizzes found
Score Distribution
Percent of People with Each Score
Percentile by Number Answered
Your Score History
You have not taken this quiz since the last reset